U.S. States with the Fewest Borders - Statistics

General Stats
  • This quiz has been taken 114,548 times
    114,480 since last reset
  • The average score is 6 of 7
Answer Stats
# State % Correct
0 Alaska
99%
0 Hawaii
99%
1 Maine
93%
2 Florida
86%
2 Washington
83%
2 Rhode Island
77%
2 South Carolina
30%
No matching quizzes found
Score Distribution
Percent of People with Each Score
Percentile by Number Answered
Your Score History
You have not taken this quiz since the last reset